| 000 | 00454cam a22001934a 4500 | ||
|---|---|---|---|
| 005 | 20250605164317.0 | ||
| 008 | 250528s ||||||||||||||||||||||||d | ||
| 035 | _a22742 | ||
| 020 | _a9780137833177 | ||
| 040 |
_aGR-AtMCL _bgre _dGR-AtMCL _eAACR2 |
||
| 245 | 1 | _aFUTURES AND OPTIONS MARKETS | |
| 250 | _a3 | ||
| 260 |
_bPrentice Hall, _c1998 |
||
| 300 | _a471 | ||
| 700 | 1 |
_aHull John C _91630 |
|
| 942 | _cBK | ||
| 999 |
_c7787 _d7787 |
||